000 00725nam a2200289Ia 4500
005 20260324121840.0
008 008 260324s9999 xx 000 0 eng d
020 _a9781315549453
037 _aEBOOK
040 _aCRL
040 _beng
040 _cCRL
041 _2eng
041 _aeng
084 _qCRL
100 _aAnahid Kassabian; Marta García Quiñones; Elena Boschi
_91164114
245 0 _aUbiquitous Musics
245 4 _bThe Everyday Sounds That We Don't Always Notice
260 _bTaylor and Francis
260 _c2013
365 _a
365 _b240
856 _uhttp://www.taylorfrancis.com/books/9781315549453
942 _cEBOOK
999 _c1756465
_d1756465